00288nam a2200121Ia 4500008004100000100001500041245002300056260004000079300000900119650001400128942000700142999001700149190216s9999||||xx |||||||||||||| ||und|| aCheurssery 0aRugmaniswayamvaram b"House Of Knowledge, Trichur"c1968 a111p aKavithkal cBK c25795d25795